|
|
|
|
| LEADER |
00000nam a2200000 a 4500 |
| 001 |
vtls010581791 |
| 003 |
SK-MaSNL |
| 005 |
20260301090449.0 |
| 008 |
180814s1977 xo 100 0 slo |
| 015 |
|
|
|a SNBA1977
|
| 040 |
|
|
|a SNK
|b slo
|c SNK
|e AACR2
|
| 041 |
0 |
|
|a slo
|
| 044 |
|
|
|a xo
|c SK
|
| 080 |
|
|
|a 78:061.3(08)
|2 1981
|
| 245 |
0 |
0 |
|a 6. seminár mladých muzikológov a kritikov
|b Moravany 1977 : (výber materiálov)
|
| 246 |
1 |
3 |
|a Šiesty seminár mladých muzikológov a kritikov
|
| 260 |
|
|
|a Bratislava
|b Zväz slovenských skladateľov
|c 1977
|
| 300 |
|
|
|a 50 s.
|c 4°
|
| 650 |
0 |
7 |
|a hudba
|2 SNKPH
|9 1063
|
| 655 |
|
7 |
|a zborníky
|2 SNKPH
|9 70165
|
| 958 |
|
|
|a OND
|
| 999 |
|
|
|c 668255
|d 670185
|
| 952 |
|
|
|a SNK
|b SNK
|y PREZ
|7 0
|p 17A0765346
|o snkSB 36017
|0 0
|1 0
|4 0
|d 2014-03-11
|f 1
|l 0
|r 2025-04-14 00:00:00
|w 2026-02-23
|